000 00571cab a2200229 4500
001 X455
008 090401t1993 xxu||||| |||| 00| 0 eng d
035 _a(Sirsi) u65723
041 _aeng
100 _aMason, J.A.
245 _aUnder the microscope: the cost approach
260 _c1993
350 _a0
490 _aAppraisal Journal
_v61(1) January 1993, 116-128(13)
650 _aACCRUED DEPRECIATION
650 _aDETERIORATION
650 _aESTIMATING
650 _aOBSOLESCENCE
690 _aRATING AND VALUATION
942 _n0
948 _c04/03/1997
999 _c41018
_d41018